000 00325nam a2200145Ia 4500
100 _aGovt. Advisory Board
650 _aGeneral
942 _cBK
654 _aBussiness Dictonary
245 _aGovt. Business Dictionary
260 _bLanguage Directorate
_aPune
_c1988
300 _a614
546 _aENGLISH
999 _c31241
_d31241